Geography by Pictures (Medium-Hard) - U - Statistics

General Stats
  • This quiz has been taken 48 times
  • The average score is 7 of 14
Answer Stats
Picture Hint Answer % Correct
Sandstone Monolith in Australia Uluru (Ayers Rock)
96%
Mountain Range in Russia Ural Mountains
96%
Capital City of Mongolia Ulaanbaatar (Ulan Bator)
89%
Traditional Irish Province (Northern Ireland) Ulster
82%
Province of the Netherlands Utrecht
64%
Landmark in the U.S. United States Capitol
62%
City in China Urumqi
58%
City in Sweden Uppsala
56%
State of India Uttar Pradesh
47%
River in Africa Ubangi River
29%
American Aleutians Island Unalaska Island
22%
Republic of Russia Udmurtia
16%
Town in Bali, Indonesia Ubud
13%
Lamdmark in Japan Ushiku Daibutsu
2%
No matching quizzes found
Score Distribution
Percent of People with Each Score
Percentile by Number Answered
Your Score History
You have not taken this quiz